Problemas relacionados con la optimización del uso del suelo agrícola /
Comenta en forma crítica dos ponencias presentadas al XIX Congreso Internacional de Economistas Agrarios (1985). Los nombres de tales trabajos son: "La utilización de la tierra y el desarrollo agrario: el caso de Hungría", presentada por Csaba Csáki; así como "Una panorámica internac...
Αποθηκεύτηκε σε:
| Κύριος συγγραφέας: | |
|---|---|
| Μορφή: | Βιβλίο |
| Γλώσσα: | Spanish |
| Θέματα: | |
| Ετικέτες: |
Προσθήκη ετικέτας
Δεν υπάρχουν, Καταχωρήστε ετικέτα πρώτοι!
|
MARC
| LEADER | 00000nam a22000007a 4500 | ||
|---|---|---|---|
| 003 | cru CIDCACS/IIS | ||
| 005 | 20200925161207.0 | ||
| 007 | ta | ||
| 008 | 170203s1986 sp ||||| |||| 00| 0 spa d | ||
| 040 | |c CRAI/IIS |a CRAI/IIS | ||
| 090 | |a REV0871 35 (137) 1986] | ||
| 100 | 1 | |9 2005 |a Romero, Carlos | |
| 245 | 1 | |a Problemas relacionados con la optimización del uso del suelo agrícola / |c Carlos Romero | |
| 300 | |a páginas 13-18 | ||
| 520 | |a Comenta en forma crítica dos ponencias presentadas al XIX Congreso Internacional de Economistas Agrarios (1985). Los nombres de tales trabajos son: "La utilización de la tierra y el desarrollo agrario: el caso de Hungría", presentada por Csaba Csáki; así como "Una panorámica internacional de las políticas de conservación de suelos", del Dr. Randall Kramer. Llega a una reflexión final: el suelo agrícola constituye hoy día un recurso natural estratégico que produce un flujo de servicios renovables, solamente si se cumplen ciertas condiciones y que reciba un uso de acuerdo con ciertos objetivos sociales. AR/JM | ||
| 650 | 1 | 0 | |9 1883 |a ORDENAMIENTO DE SUELOS |
| 650 | 1 | 0 | |a CONSERVACION DE SUELOS |9 1892 |
| 650 | 1 | 0 | |a EROSION DEL SUELO |9 1898 |
| 773 | 0 | |0 18843 |9 241 |a España. |d Madrid, España: Ministerio de Agricultura, Pesca y Alimentación |o MFN0102 |t Revista de Estudios Agro-Sociales / | |
| 942 | |2 ddc |c PP | ||
| 999 | |c 18845 |d 18845 | ||
